Ligue 1 - 24/25 - Pays d'origine des joueurs - Statistiques

Statistiques générales
  • Ce quiz a été pris 48 fois
  • Le résultat moyen est 11 sur 75
Statistiques - réponses
Continent #Joeurs #Minutes ANSWER % Correct
Afrique 25 23,720 Côte d'Ivoire
82%
Afrique 18 12,515 Maroc
79%
Afrique 16 14,870 Algérie
74%
Afrique 21 13,111 Sénégal
74%
Europe 265 151,692 France
58%
Afrique 11 8,978 Mali
50%
Amérique 15 19,330 Brésil
47%
Amérique 7 7,547 Argentine
45%
Europe 15 11,278 Portugal
39%
Afrique 10 6,530 Cameroun
34%
Amérique 5 5,520 Canada
34%
Amérique 6 3,871 États-Unis
34%
Asie 6 6,354 Japon
34%
Europe 13 4,459 Belgique
29%
Amérique 3 1,509 Colombie
29%
Afrique 8 8,028 Ghana
26%
Asie 1 1,320 Corée du Sud
24%
Afrique 8 4,236 Guinée
21%
Europe 10 10,469 Pays-Bas
21%
Océanie 2 582 Australie
18%
Amérique 2 2,214 Équateur
18%
Europe 8 6,009 Espagne
18%
Océanie 1 376 Nouvelle-Zélande
18%
Afrique 7 4,785 Nigeria
16%
Europe 7 6,569 Angleterre
13%
Afrique 3 1,911 Tunisie
13%
Europe 4 1,663 Italie
11%
Amérique 1 1,807 Panama
11%
Afrique 4 3,180 République démocratique du Congo|RDC
11%
Europe 10 7,633 Suisse
11%
Europe 4 2,287 Allemagne
8%
Amérique 2 1,535 Chili
8%
Afrique 3 1,861 Egypte
8%
Asie 3 3,325 Géorgie
8%
Asie 1 1,383 Jordanie
8%
Afrique 2 3,118 Angola
5%
Afrique 1 1,302 Burundi
5%
Afrique 4 2,475 Gabon
5%
Afrique 1 - Gambie
5%
Europe 8 4,199 Serbie
5%
Europe 1 1,080 Autriche
3%
Afrique 1 270 Bénin
3%
Europe 2 103 Bosnie-Herzégovine|Bosnie
3%
Afrique 2 450 Burkina Faso
3%
Afrique 1 8 Comores
3%
Europe 6 4,137 Danemark
3%
Afrique 1 1,023 Guinée-Bissau
3%
Amérique 2 2,016 Haïti
3%
Europe 4 4,812 Pologne
3%
Afrique 2 1,705 République centrafricaine|Centrafrique
3%
Europe 3 2,222 Russie
3%
Europe 1 382 Slovaquie
3%
Europe 1 206 Slovénie
3%
Amérique 1 41 Uruguay
3%
Amérique 1 1,905 Venezuela
3%
Afrique 1 90 Cap-Vert
0%
Europe 1 1,183 Congo
0%
Europe 1 1,247 Croatie
0%
Europe 2 667 Finlande
0%
Europe 1 1,561 Hongrie
0%
Europe 4 573 Irlande
0%
Europe 1 1,062 Islande
0%
Afrique 1 1,101 Kenya
0%
Europe 1 978 Kosovo
0%
Afrique 1 157 Libye
0%
Afrique 2 2,600 Madagascar
0%
Europe 1 705 Malte
0%
Europe 6 5,428 Norvège
0%
Asie 1 975 Ouzbékistan
0%
Europe 2 1,761 Pays de Galles
0%
Europe 2 447 Roumanie
0%
Afrique 1 17 Sierra Leone
0%
Europe 6 3,820 Suède
0%
Europe 1 75 Ukraine
0%
Afrique 2 2,167 Zimbabwe
0%
Aucun quiz correspondant
Distribution des résultats
% des personnes avec chaque résultat
Percentile par nombre de réponses
Votre historique - résultats
Vous n’avez pas pris ce quiz